Messbuch: die Eigenfeiern der Diözese Rottenburg-Stuttgart : die Feier der Heiligen Messe

Saved in:  
Bibliographic Details
Corporate Author: Katholische Kirche. VerfasserIn (Author)
Format: Print Book
Language:German
Subito Delivery Service: Order now.
Check availability: HBZ Gateway
WorldCat: WorldCat
Interlibrary Loan:Interlibrary Loan for the Fachinformationsdienste (Specialized Information Services in Germany)
Published: Freiburg Herder 2019
Rottenburg Bischöfliches Ordinariat 2019
In:Year: 2019
Edition:Ergänzte und erweiterte Handreichung zu den 1975 erschienenen Eigenfeiern der Diözese Rottenburg
Standardized Subjects / Keyword chains:B Holy See (motif), Diözese Rottenburg-Stuttgart
Further subjects:B Baden-Württemberg
B Missal
B Saints
B Holy See (motif) Diözese Rottenburg-Stuttgart

MARC

LEADER 00000cam a2200000 c 4500
001 1588156710
003 DE-627
005 20260225122039.0
007 tu
008 190227s2019 xx ||||| 00| ||ger c
035 |a (DE-627)1588156710 
035 |a (DE-576)518156710 
035 |a (DE-599)BSZ518156710 
035 |a (OCoLC)1178976079 
040 |a DE-627  |b ger  |c DE-627  |e rda 
041 |a ger 
084 |a 1  |2 ssgn 
084 |a 724  |2 bwlb 
084 |a 728  |2 bwlb 
110 2 |e VerfasserIn  |0 (DE-588)1097762173  |0 (DE-627)857352148  |0 (DE-576)468929827  |4 aut  |a Katholische Kirche  |b Diözese Rottenburg-Stuttgart 
245 1 0 |a Messbuch  |b die Eigenfeiern der Diözese Rottenburg-Stuttgart : die Feier der Heiligen Messe  |c herausgegeben von der Diözese Rottenburg-Stuttgart 
250 |a Ergänzte und erweiterte Handreichung zu den 1975 erschienenen Eigenfeiern der Diözese Rottenburg 
264 1 |a Freiburg  |b Herder  |c 2019 
264 1 |a Rottenburg  |b Bischöfliches Ordinariat  |c 2019 
300 |a 31 Seiten 
336 |a Text  |b txt  |2 rdacontent 
337 |a ohne Hilfsmittel zu benutzen  |b n  |2 rdamedia 
338 |a Band  |b nc  |2 rdacarrier 
583 1 |a Archivierung/Langzeitarchivierung gewährleistet  |f PEBW  |x XA-DE-BW  |2 pdager  |5 DE-24 
583 1 |a Archivierung/Langzeitarchivierung gewährleistet  |f PEBW  |x XA-DE-BW  |2 pdager  |5 DE-31 
610 2 7 |0 (DE-588)1097762173  |0 (DE-627)857352148  |0 (DE-576)468929827  |a Katholische Kirche  |b Diözese Rottenburg-Stuttgart  |2 gnd  |7 (dpeaa)DE-631 
650 0 7 |0 (DE-588)4024052-6  |0 (DE-627)106300547  |0 (DE-576)20895290X  |a Heiligenverehrung  |2 gnd  |7 (dpeaa)DE-631 
650 0 7 |0 (DE-588)4170131-8  |0 (DE-627)104122374  |0 (DE-576)209927798  |a Missale  |2 gnd  |7 (dpeaa)DE-631 
651 7 |0 (DE-588)4004176-1  |0 (DE-627)106387154  |0 (DE-576)208854444  |a Baden-Württemberg  |2 gnd  |7 (dpeaa)DE-631 
689 0 0 |d b  |0 (DE-588)1097762173  |0 (DE-627)857352148  |0 (DE-576)468929827  |2 gnd  |a Katholische Kirche  |b Diözese Rottenburg-Stuttgart 
689 0 |5 (DE-627) 
935 |a BWLB 
951 |a BO 
ELC |b 1 
ORI |a TA-MARC-ixtheo_oa001.raw 
STA 0 0 |a Baden-Württemberg,Missal,Missal,Leofric Missal,Saints,Saints,Veneration of saints 
STB 0 0 |a Bade-Württemberg,Culte des saints,Dulie,Dulie,Missel 
STC 0 0 |a Culto a los santos,Misal 
STD 0 0 |a Messale,Venerazione dei santi 
STE 0 0 |a 弥撒书,敬奉,敬礼 
STF 0 0 |a 彌撒書,敬奉,敬禮 
STG 0 0 |a Culto aos santos,Missal 
STH 0 0 |a Миссал,Поклонение святым 
STI 0 0 |a Ευχολόγιο,Λατρεία των αγίων 
SYB 0 0 |a Diözese Rottenburg-Stuttgart,DRS,Katholische Kirche,Diözese Rottenburg-Stuttgart,Diözesansynode,Katholische Kirche,Diözese Rottenburg-Stuttgart,Sekretariat,Katholische Kirche,Diözese Rottenburg-Stuttgart,Diözesanverwaltung,Katholische Kirche,Diözese Rottenburg-Stuttgart,Verwaltung,Katholische Kirche,Diözese Rottenburg-Stuttgart,Amt für Öffentlichkeitsarbeit,Katholische Kirche,Diözese Rottenburg-Stuttgart,Referat Ständiges Diakonat,Katholische Kirche,Diözese Rottenburg-Stuttgart,Ständiges Diakonat,Katholische Kirche,Diözese Rottenburg-Stuttgart,Ständiger Diakonat,Katholische Kirche,Diözese Rottenburg-Stuttgart,Arbeitsstelle für den Ständigen Diakonat,Katholische Kirche,Diözese Rottenburg-Stuttgart,Bischof,Katholische Kirche,Diözese Rottenburg-Stuttgart,Referat Erwachsenenpastoral und Erwachsenenbildung,Katholische Kirche,Diözese Rottenburg-Stuttgart,Referat für Glaubensfragen,Katholische Kirche,Diözese Rottenburg-Stuttgart,Hauptabteilung Ausbildung Ständiger Diakonat,Katholische Kirche,Diözese Rottenburg-Stuttgart,Hauptabteilung 1,Katholische Kirche,1,Katholische Kirche,Diözese Rottenburg-Stuttgart,Hauptabteilung Kirche und Gesellschaft,Katholische Kirche,Diözese Rottenburg-Stuttgart,Hauptabteilung 9 a,Katholische Kirche,9 a,Katholische Kirche,Diözese Rottenburg-Stuttgart,Hauptabteilung 4 a,Katholische Kirche,4 a,Katholische Kirche,Diözese Rottenburg-Stuttgart,Öffentlichkeitsarbeit,Katholische Kirche,Diözese Rottenburg-Stuttgart,Domkapitel,Katholische Kirche,Diözese Rottenburg-Stuttgart,Bischöflicher Stuhl,Katholische Kirche,Diözese Rottenburg-Stuttgart,Generalvikariat,Katholische Kirche,Diözese Rottenburg-Stuttgart,Hauptabteilung Weltkirche,Katholische Kirche,Diözese Rottenburg-Stuttgart,Hauptabtlg. Weltkirche,Katholische Kirche,Diözese Rottenburg-Stuttgart,Hauptabteilung Medien und Öffentlichkeitsarbeit,Arbeitsstelle Ständiges Diakonat,Diözesanpastoralrat,Diözesansynode,Diözesanverwaltung,Bischöfliche Verwaltung,Amt für Öffentlichkeitsarbeit,Bischof,Öffentlichkeitsarbeit,Bischöflicher Stuhl,Bischöfliches Generalvikariat,Generalvikariat,Biskupija Rottenburg-Stuttgart,Diecezja Rottenburg-Stuttgart,Diócesis Rottenburg-Stuttgart,Diocese Rottenburg-Stuttgart,Diocese de Rotemburgo-Estugarda,Diocesi Rottenburg-Stuttgart,Diocesi di Rottenburg-Stoccarda,Bistum Rottenburg-Stuttgart,Dioecesis Rottenburgensis-Stutgardiensis,Diözese Rottenberg-Stuttgart 
SYE 0 0 |a Hagiodulie,Heiligenkult,Heiliger , Rennenberg-Codex,Leofric Missale,Hainricus Sacrista Sakramentar,Missale des Hainricus Sacrista,Missale Franciscanum Regulae , Messbuch 
SYF 0 0 |a Südweststaat,Bade-Wurtemberg,Baden-Vjurttemberg,Baden-Wirtemberg,Baden-Wuerttemberg,BW,Land Baden-Württemberg 
SYG 0 0 |a Diözese Rottenburg-Stuttgart,DRS,Katholische Kirche,Diözese Rottenburg-Stuttgart,Diözesansynode,Katholische Kirche,Diözese Rottenburg-Stuttgart,Sekretariat,Katholische Kirche,Diözese Rottenburg-Stuttgart,Diözesanverwaltung,Katholische Kirche,Diözese Rottenburg-Stuttgart,Verwaltung,Katholische Kirche,Diözese Rottenburg-Stuttgart,Amt für Öffentlichkeitsarbeit,Katholische Kirche,Diözese Rottenburg-Stuttgart,Referat Ständiges Diakonat,Katholische Kirche,Diözese Rottenburg-Stuttgart,Ständiges Diakonat,Katholische Kirche,Diözese Rottenburg-Stuttgart,Ständiger Diakonat,Katholische Kirche,Diözese Rottenburg-Stuttgart,Arbeitsstelle für den Ständigen Diakonat,Katholische Kirche,Diözese Rottenburg-Stuttgart,Bischof,Katholische Kirche,Diözese Rottenburg-Stuttgart,Referat Erwachsenenpastoral und Erwachsenenbildung,Katholische Kirche,Diözese Rottenburg-Stuttgart,Referat für Glaubensfragen,Katholische Kirche,Diözese Rottenburg-Stuttgart,Hauptabteilung Ausbildung Ständiger Diakonat,Katholische Kirche,Diözese Rottenburg-Stuttgart,Hauptabteilung 1,Katholische Kirche,1,Katholische Kirche,Diözese Rottenburg-Stuttgart,Hauptabteilung Kirche und Gesellschaft,Katholische Kirche,Diözese Rottenburg-Stuttgart,Hauptabteilung 9 a,Katholische Kirche,9 a,Katholische Kirche,Diözese Rottenburg-Stuttgart,Hauptabteilung 4 a,Katholische Kirche,4 a,Katholische Kirche,Diözese Rottenburg-Stuttgart,Öffentlichkeitsarbeit,Katholische Kirche,Diözese Rottenburg-Stuttgart,Domkapitel,Katholische Kirche,Diözese Rottenburg-Stuttgart,Bischöflicher Stuhl,Katholische Kirche,Diözese Rottenburg-Stuttgart,Generalvikariat,Katholische Kirche,Diözese Rottenburg-Stuttgart,Hauptabteilung Weltkirche,Katholische Kirche,Diözese Rottenburg-Stuttgart,Hauptabtlg. Weltkirche,Katholische Kirche,Diözese Rottenburg-Stuttgart,Hauptabteilung Medien und Öffentlichkeitsarbeit,Arbeitsstelle Ständiges Diakonat,Diözesanpastoralrat,Diözesansynode,Diözesanverwaltung,Bischöfliche Verwaltung,Amt für Öffentlichkeitsarbeit,Bischof,Öffentlichkeitsarbeit,Bischöflicher Stuhl,Bischöfliches Generalvikariat,Generalvikariat,Biskupija Rottenburg-Stuttgart,Diecezja Rottenburg-Stuttgart,Diócesis Rottenburg-Stuttgart,Diocese Rottenburg-Stuttgart,Diocese de Rotemburgo-Estugarda,Diocesi Rottenburg-Stuttgart,Diocesi di Rottenburg-Stoccarda,Bistum Rottenburg-Stuttgart,Dioecesis Rottenburgensis-Stutgardiensis,Diözese Rottenberg-Stuttgart 
TIM |a 100019780101_100020261231  |b 1978 - 2026